Пицца и рецепты итальянской кухни (Запись № 463744)

Подробности
000 -МАРКЕР
контрольное поле 01257nam0a2200349 4500
001 - ИДЕНТИФИКАТОР ЗАПИСИ
контрольное поле RU\NLR\bibl\85128
005 - ИДЕНТИФИКАТОР ВЕРСИИ
контрольное поле 20250616110030.0
010 ## - МЕЖДУНАРОДНЫЙ СТАНДАРТНЫЙ НОМЕР КНИГИ (ISBN)
Номер (ISBN) 5-7657-0079-9
Тираж 15000
021 ## - НОМЕР ГОСУДАРСТВЕННОЙ РЕГИСТРАЦИИ
Код страны российская федерация
Номер 1999-49009
Номер Листа государственной регистраци 2432
035 ## - ДРУГИЕ СИСТЕМНЫЕ НОМЕРА
Идентификатор записи (NLR Aleph) 000083144
100 ## - ДАННЫЕ ОБЩЕЙ ОБРАБОТКИ
Данные общей обработки 20000511d1999 |||y0rusy50 ca
101 0# - ЯЗЫК РЕСУРСА
Язык текста, звукозаписи и т.д. русский
102 ## - СТРАНА ПУБЛИКАЦИИ ИЛИ ПРОИЗВОДСТВА
Страна публикации российская федерация
105 ## - ПОЛЕ КОДИРОВАННЫХ ДАННЫХ: ТЕКСТОВЫЕ МАТЕРИАЛЫ, МОНОГРАФИЧЕСКИЕ
Кодированные данные о монографическом текстовом документе y |||||||||
200 1# - ЗАГЛАВИЕ И СВЕДЕНИЯ ОБ ОТВЕТСТВЕННОСТИ
Основное заглавие Пицца и рецепты итальянской кухни
210 ## - ПУБЛИКАЦИЯ, РАСПРОСТРАНЕНИЕ И ДР.
Место издания, распространения и т.д. М.
Имя издателя, распространителя и т. д. Цитадель
Дата издания, распространения и т.д. 1999
215 ## - ФИЗИЧЕСКАЯ ХАРАКТЕРИСТИКА
Специфическое обозначение материала и объем 189,[2] с.
Размеры 20
225 1# - СЕРИЯ
Основное заглавие серии Для вас
300 ## - ОБЩИЕ ПРИМЕЧАНИЯ
Текст примечания На обл.: Пицца. Блюда итальянской кухни
512 1# - ЗАГЛАВИЕ ОБЛОЖКИ
Заглавие обложки Пицца. Блюда итальянской кухни
606 0# - НАИМЕНОВАНИЕ ТЕМЫ КАК ПРЕДМЕТ
Наименование темы Пицца
Тематический подзаголовок Рецептура
Системный номер авторитетной/нормативной записи 1991610
Идентификатор авторитетной/нормативной записи RU\NLR\auth\66914420
606 0# - НАИМЕНОВАНИЕ ТЕМЫ КАК ПРЕДМЕТ
Наименование темы Кулинарное производство
Тематический подзаголовок Итальянская кухня
-- История
Системный номер авторитетной/нормативной записи 1216179
Идентификатор авторитетной/нормативной записи RU\NLR\auth\66494278
606 0# - НАИМЕНОВАНИЕ ТЕМЫ КАК ПРЕДМЕТ
Наименование темы Итальянская кухня
Системный номер авторитетной/нормативной записи 2100450
Идентификатор авторитетной/нормативной записи RU\NLR\auth\661270383
686 ## - ИНДЕКСЫ ДРУГИХ КЛАССИФИКАЦИЙ
Индекс Л869
686 ## - ИНДЕКСЫ ДРУГИХ КЛАССИФИКАЦИЙ
Индекс Л997(3)Итальянская
801 #0 - ИСТОЧНИК ЗАПИСИ
Страна российская федерация
Организация NLR
Дата составления 20000511
Правила каталогизации PSBO
801 #1 - ИСТОЧНИК ЗАПИСИ
Страна российская федерация
Организация NLR
Дата составления 20000511
852 ## - МЕСТОНАХОЖДЕНИЕ И ШИФР ХРАНЕНИЯ
Идентификатор организации NLR
Шифр хранения (Call Number) 2000-3/2482
942 ## - ДОПОЛНИТЕЛЬНЫЕ ЭЛЕМЕНТЫ ЗАПИСИ (АБИС)
Тип экземпляра АБИС Книга
980 ## - КОЛЛЕКЦИЯ
Название коллекции Национальная библиография
Экземпляры
Тип экземпляра Дата поступления Источник поступления Библиотека постоянного хранения Библиотека текущего хранения Место хранения Шифр хранения Штрих-код Статус не для выдачи
Книга 18.11.2004 Подсобные фонды РНБ РНБ (Московский) РНБ (Московский) Фонд научного зала литературы по технике Нз Л997(3)/П-359 1-357155  
Книга 11.05.2000 Обязательный экземпляр РНБ (Московский) РНБ (Московский) Русский книжный фонд: издания с 1957 года, 8этаж 2000-3/2482 30481  
Книга 11.05.2000 Обязательный экземпляр РНБ (Московский) РНБ (Московский) Обменный фонд   30482